| 000 | 00546nam a2200205Ia 4500 | ||
|---|---|---|---|
| 003 | GCL | ||
| 008 | 140319s9999 xx 000 0 ara d | ||
| 040 |
_aGCL / _cGCL |
||
| 082 | 0 | 4 |
_aط _b813.087 _bأ د |
| 100 | 1 | _aاحمد نجيب | |
| 245 | 1 | 0 |
_aزائر القمر / _cاحمد نجيب |
| 300 | _a20 ص | ||
| 490 |
_aحكايات واختراعات الشروق _v0 |
||
| 650 | 0 | 4 | _aالسيارات |
| 650 | 0 | 4 | _aالاطفال |
| 650 | 0 | 4 | _aالقطارات |
| 650 | 0 | 4 | _aالطائرات |
| 650 | 0 | 4 | _aالسفن |
| 942 |
_2ddc _cBK |
||
| 999 |
_c51417 _d51417 |
||